Central Library OPAC University of Rajshahi

Statistics for management / (Record no. 302)

MARC details
000 -LEADER
fixed length control field 00864mam a2200265 a 4500
001 - CONTROL NUMBER
control field 302
003 - CONTROL NUMBER IDENTIFIER
rucl marc code BD-RjUL
005 - DATE AND TIME OF LATEST TRANSACTION
control field 20211208233143.0
008 - FIXED-LENGTH DATA ELEMENTS--GENERAL INFORMATION
fixed length control field 140114r20061998njua b 001 0 eng
020 ## - INTERNATIONAL STANDARD BOOK NUMBER
International Standard Book Number 0134762924
International Standard Book Number 8177585843
035 ## - SYSTEM CONTROL NUMBER
System control number (OCoLC)ocm34604217
-- (BD-RjUL)319
040 ## - CATALOGING SOURCE
Original cataloging agency DLC
Language of cataloging eng
Transcribing agency BD-RjUL
Modifying agency BD-RjUL
041 ## - LANGUAGE CODE
Language code of text/sound track or separate title eng
082 00 - DEWEY DECIMAL CLASSIFICATION NUMBER
Edition number 20
Classification number 519.5
Author mark and year LES 2006
100 1# - MAIN ENTRY--PERSONAL NAME
Personal name Levin, Richard I.
9 (RLIN) 875
245 1# - TITLE STATEMENT
Title Statistics for management /
Statement of responsibility, etc. Richard I. Levin, David S. Rubin.
250 ## - EDITION STATEMENT
Edition statement 7th ed.
260 ## - PUBLICATION, DISTRIBUTION, ETC. (IMPRINT)
Place of publication, distribution, etc. Upper Saddle River, N.J. ; New Delhi :
Name of publisher, distributor, etc. Prentice Hall,; Pearson Education,
Date of publication, distribution, etc. c1998 [Impression 2006.]
300 ## - PHYSICAL DESCRIPTION
Pagination various pagings :
Illustrations ill. ;
Size 26 cm.
504 ## - BIBLIOGRAPHY, ETC. NOTE
Bibliography, etc Includes bibliographical references and index.
650 #0 - SUBJECT ADDED ENTRY--TOPICAL TERM
Topical term or geographic name as entry element Management
General subdivision Statistical methods.
9 (RLIN) 21952
700 ## - ADDED ENTRY--PERSONAL NAME
Personal name Rubin, David S.
942 ## - ADDED ENTRY ELEMENTS (KOHA)
Source of classification or shelving scheme Dewey Decimal Classification
Koha item type Books
Holdings
Lost status Source of classification or shelving scheme Damaged status Not for loan Collection code Permanent Location Current Location Date acquired Source of acquisition Cost, normal purchase price Total Checkouts Full call number Date last seen Date checked out Copy number Koha item type Shelving location Total Renewals
  Dewey Decimal Classification     Non-fiction Central Library, University of Rajshahi Central Library, University of Rajshahi 02/06/2008 Paragon Enterprises Ltd. , Dhaka 395.00 5 519.5 LES 2006 08/04/2017 20/03/2017 C-9 Books    
  Dewey Decimal Classification     Non-fiction Central Library, University of Rajshahi Central Library, University of Rajshahi 16/10/2005 Dhaka paragon enterprise ltd. 395.00   519.5 LES 2005 15/01/2014   C-10 Books    
  Dewey Decimal Classification     Non-fiction Central Library, University of Rajshahi Central Library, University of Rajshahi 16/10/2005 Dhaka, paragon Enterprises LTD 395.00 6 519.5 LES 2005 01/08/2018 15/07/2018 C-8 Books    
  Dewey Decimal Classification     Non-fiction Central Library, University of Rajshahi Central Library, University of Rajshahi 01/04/2009 Dhaka paragon enterprises ltd. 395.00   519.5 LES 2006 04/09/2016   C-1 Books    
  Dewey Decimal Classification     Non-fiction Central Library, University of Rajshahi Central Library, University of Rajshahi 01/04/2009 Dhaka paragon enterprises ltd. 395.00 4 519.5 LES 2006 27/05/2024 25/03/2024 C-2 Books   2
  Dewey Decimal Classification     Non-fiction Central Library, University of Rajshahi Central Library, University of Rajshahi 01/04/2009 Dhaka paragon enterprises ltd. 395.00 5 519.5 LES 2006 25/04/2019 14/03/2019 C-3 Books   1
  Dewey Decimal Classification     Non-fiction Central Library, University of Rajshahi Central Library, University of Rajshahi 01/04/2009 Dhaka paragon enterprises ltd. 395.00 5 519.5 LES 2006 24/03/2019 07/02/2019 C-4 Books   2
  Dewey Decimal Classification     Non-fiction Central Library, University of Rajshahi Central Library, University of Rajshahi 01/04/2009 Dhaka paragon enterprises ltd. 395.00 3 519.5 LES 2006 15/05/2018 16/04/2018 C-5 Books   1
  Dewey Decimal Classification     Non-fiction Central Library, University of Rajshahi Central Library, University of Rajshahi 01/04/2009 Dhaka paragon enterprises ltd. 395.00 2 519.5 LES 2006 17/08/2017 30/03/2017 C-6 Books    
  Dewey Decimal Classification     Non-fiction Central Library, University of Rajshahi Central Library, University of Rajshahi 01/04/2009 Dhaka paragon enterprises ltd. 395.00   519.5 LES 2006 04/09/2016   C-7 Books    
  Dewey Decimal Classification   Not For Loan Non-fiction Central Library, University of Rajshahi Central Library, University of Rajshahi 30/06/1999 Aligarh Libraty Dhaka 295.00   519.5 LES 2006 03/12/2018   C-1 Books